Olivia Rodrigo- ballad of a home schooled girl-lyrics - Statistics

General Stats
  • This quiz has been taken 7 times
  • The average score is 176 of 265
Answer Stats
Hint Answer % Correct
answer a
100%
answer | answer of
100%
answer all
80%
answer and
80%
answer broke
80%
answer curl
80%
answer die
80%
answer each
80%
answer fell
80%
answer fun
80%
answer glass
80%
answer guess
80%
answer I
80%
answer i
80%
answer I'm
80%
answer it
80%
answer it's
80%
answer its
80%
answer It's
80%
answer know
80%
answer made
80%
answer my
80%
answer no
80%
answer out
80%
answer | answer outside
80%
answer over
80%
answer secrets
80%
answer should
80%
answer shouldn't
80%
answer so
80%
answer social
80%
answer stumbled
80%
answer suicide
80%
answer tell
80%
answer that
80%
answer the
80%
answer think
80%
answer time
80%
answer to
80%
answer told
80%
answer tripped
80%
answer up
80%
answer wanna
80%
answer weird
80%
answer words
80%
answer worse
80%
answer | answer wrong
80%
answer along
60%
answer anyone
60%
answer at
60%
answer blood
60%
answer bones
60%
answer cat
60%
answer clothes
60%
answer cold
60%
answer do
60%
answer doesn't
60%
answer done
60%
answer don't
60%
answer get
60%
answer go
60%
answer got
60%
answer greatest
60%
answer guy
60%
answer hate
60%
answer how
60%
answer inside
60%
answer is
60%
answer joke
60%
answer la
60%
answer like
60%
answer on
60%
answer right
60%
answer runnin'
60%
answer searchin'
60%
answer skin
60%
answer start
60%
answer step
60%
answer talked
60%
answer tongue
60%
answer was
60%
answer with
60%
answer conversation
40%
answer every
40%
answer feels
40%
answer fit
40%
answer he
40%
answer hot
40%
answer laughed
40%
answer party's
40%
answer sat
40%
answer swore
40%
answer this
40%
answer type
40%
answer website
40%
answer after
20%
answer boys
20%
answer called
20%
answer can't
20%
answer did
20%
answer everythin'
20%
answer gay
20%
answer god
20%
answer line
20%
answer makin'
20%
answer me
20%
answer mom
20%
answer mornin'
20%
answer name
20%
answer night
20%
answer oh
20%
answer panic
20%
answer third
20%
answer thought
20%
answer tragic
20%
answer twice
20%
answer what
20%
answer whole
20%
answer wife
20%
answer you
20%
answer your
20%
answer alive
0%
answer hist
0%
answer let
0%
answer say
0%
answer shocked
0%
answer still
0%
No matching quizzes found
Score Distribution
Percent of People with Each Score
Percentile by Number Answered
Your Score History
You have not taken this quiz